| Registos Bibliográficos associados ao registo de autoridade |
|
Etiqueta de registo: 00230nam 2200025 450 001 1785620 003 http://id.bnportugal.gov.pt/bib/catbnp/1785620 010 ## $a978-989-95604-7-5 021 ## $aPT$b315010/10 100 ## $a20080528d2010 k a0pory0103 ba 101 0# $apor$aeng 102 ## $aPT 105 ## $aa b 000yd 106 ## $ar 200 1# $aNo place like$e4 casas, 4 filmes = 4 houses, 4 films$f12ª Exposição Internacional de Arquitectura-Bienal de Veneza$gcuradores e textos Julia Albani... [et al.]$gorg. Ministério da Cultura - Direcção-Geral das Artes$zeng 210 #9 $aLisboa$cDGARTES,$dcop. 2010 215 ## $a117, [3] p. a 2 colns$cil.$d31 cm$e1 disco óptico (DVD-ROM) 320 ## $aBibliografia, p. 164 510 1# $a4 houses, 4 films$zeng 675 ## $a72A/Z(=1:469)"19/20"(083.82)$vBN$zpor$31487160 675 ## $a061.4$vBN$zpor$3288771 702 #1 $aAlbani,$bJulia,$f1977-$4273$31488601 710 12 $aExposição Internacional de Arquitectura-Bienal de Veneza,$d10,$eVeneza,$f2006$31328375 712 01 $aPortugal.$bDirecção Geral das Artes$4340$31372000 801 #0 $aPT$bBN$gRPC 900 ## $aBIBNAC$d20120329 966 ## $lBN$mFGMON$sB.A. 3880 A.$x1 966 ## $lBN$mFGMON$sB.A. 3880 A.-D $x1
Etiqueta de registo: 00254nam 2200025 450 001 2118485 003 http://id.bnportugal.gov.pt/bib/catbnp/2118485 010 ## $a978-972-8261-30-6 021 ## $aPT$b501754/22 100 ## $a20221215d2022 m d0pory01030103ba 101 0# $apor$aeng 102 ## $aPT 105 ## $aa b 000yy 106 ## $ar 200 1# $aLuzes distantes$dDistant lights$fconcepção Nuno Cera, Julia Albani$gtextos Case Miller... [et al.]$zeng 205 ## $a1ª ed.,$d1st ed 210 #9 $aSines$cCentro de Artes de Sines$cMunicípio de Sines,$d2022 215 ## $a63 p.$cil.$d34 cm 305 ## $aEd. bilingue em português e inglês 510 1# $aDistant lights$zeng 675 ## $a77Cera, Nuno$vBN$zpor$31677902 675 ## $a77.04(=1:469)"20"(083.82)$vBN$zpor$31493140 675 ## $a061. 4$vBN$zpor$31866941 700 #1 $aCera,$bNuno,$f1972-$3873389 701 #1 $aAlbani,$bJulia,$f1977-$4070$31488601 702 #1 $aMiller,$bCase$4070$31866659 801 #0 $aPT$bBN$gRPC 856 41 $uhttp://rnod.bnportugal.gov.pt/ImagesBN/winlibimg.aspx?skey=&doc=2118485&img=172405&save=true 900 ## $aBIBNAC$d20230123 966 ## $lBN$mFGMON$sB.A. 4993 A.$x1 966 ## $lBN$mFGMON$sB.A. 4993 A.-D $x1 971 ## $cmsebas$d20221215 972 ## $e0$z0$d20230123$viquintas 973 ## $cmlsousa$d20221216
Etiqueta de registo: 00254nam 2200025 450 001 2285915 003 http://id.bnportugal.gov.pt/bib/catbnp/2285915 010 ## $a978-989-36059-4-3 021 ## $aPT$b556035/25 100 ## $a20260507d2025 m d0pory01030103ba 101 0# $apor$aeng 102 ## $aPT 105 ## $aa b 000yy 106 ## $ar 200 1# $aCérebros distantes$dDistant brains$fNuno Cera, Julia Albani$gtextos David Santos... [et al.]$gdes. gráfico Paulo Freitas$zeng 205 ## $a1ª ed 210 #9 $aVila Franca de Xira$cMuseu do Neorealismo,$d2025 215 ## $a64 p.$cil.$d34 cm 305 ## $aEd. bilingue em português e inglês 510 1# $aDistant brains$zeng 700 #1 $aCera,$bNuno,$f1972-$3873389 701 #1 $aAlbani,$bJulia,$f1977-$4070$31488601 702 #1 $aSantos,$bDavid,$f1971-$4070$31165164 702 #1 $94$aFreitas,$bPaulo$4440$31418346 801 #0 $aPT$bBN$gRPC 966 ## $lBN$mFGMON$x1 966 ## $lBN$mFGMON$x1 971 ## $ciquintas$d20260507
|
|
|